|
|
|
|
| LEADER |
00000cab a2200000 a 4500 |
| 001 |
vtls008427623 |
| 003 |
SK-MaSNL |
| 005 |
20260319071311.0 |
| 008 |
060202c2005 xo wr p 000 c0ukr |
| 038 |
|
|
|a SVKPOCL
|
| 040 |
|
|
|a SVKPOCL
|b slo
|c SVKPOCL
|c AACR2
|e AACR2
|
| 041 |
0 |
|
|a ukr
|
| 044 |
|
|
|a xo
|c SK
|
| 080 |
|
|
|a 796.51
|2 1997
|
| 100 |
1 |
|
|a Bogdan, Pavol,
|d 1950-
|4 aut
|9 484875
|
| 245 |
1 |
0 |
|a Ne zanedbaty tradyciji
|c Pavlo Bogdan
|
| 300 |
|
|
|b Fotogr.
|
| 611 |
2 |
7 |
|a Turistický pochod R-73
|n (7. :
|d 2005 :
|c Prešov, Slovensko)
|2 svkpocl
|9 1066795
|
| 650 |
0 |
7 |
|a pešia turistika
|2 svkpocl
|9 1059
|
| 651 |
|
7 |
|a Prešov (Slovensko)
|2 svkpocl
|9 17347
|
| 773 |
0 |
|
|t Nove žyttja
|g Roč. 55, č. 35-38 (2005), s. 8
|
| 852 |
|
|
|a SVKPO
|b KIS3GCP
|
| 958 |
|
|
|a UK
|
| 958 |
|
|
|a SK
|
| 999 |
|
|
|c 1753531
|d 1755461
|